LEADER 01228nam--2200409---450- 001 990001022750203316 005 20030711110343.0 035 $a0102275 035 $aUSA010102275 035 $a(ALEPH)000102275USA01 035 $a0102275 100 $a20020308c1919----km-y0itay0103----ba 101 $aeng 102 $aGB 110 $aaia-------- 200 1 $aDrama$ethe quarterly theatre review$ffounted by Geoffrey Whitworth 210 $aLondon$cBritish Drama League 215 $av.$cill.$d22 cm 300 $aComincia nel 1919 300 $aDescrizione basata su: N.s. n.76 (1965) 307 $aIl formato diventa: 30 cm 326 $aQuadrimestrale 606 0 $aTeatro$xPeriodici 676 $a792.09 702 01$aWhitworth,$bGeoffrey 801 0$aIT$bsalbc$gISBD 912 $a990001022750203316 958 $aUMA$bFondo$cN.s. n.75 (Winter 1964)-n.174 (1989). 959 $aSE 979 $aPATTY$b90$c20020308$lUSA01$h1121 979 $aPATTY$b90$c20020321$lUSA01$h0907 979 $c20020403$lUSA01$h1743 979 $aANNAPIA$b90$c20030711$lUSA01$h1041 979 $aANNAPIA$b90$c20030711$lUSA01$h1103 979 $aPATRY$b90$c20040406$lUSA01$h1711 996 $aDrama$997380 997 $aUNISA LEADER 00995cam0-2200313---450- 001 990004042680403321 005 20151116161858.0 035 $a000404268 035 $aFED01000404268 035 $a(Aleph)000404268FED01 035 $a000404268 100 $a19990604d1985----km-y0itay50------ba 101 0 $aeng 102 $aIT 105 $a--------101yy 200 1 $aNatural phonology from Einsenstadt$epapers on natural phonology from the fifth international phonology meeting, 25-28 june 1984$fedited by Wofgang U. Dressler, Livia Tonelli 210 $aPadova$cCLESP$d1985 215 $a216 p.$d23 cm 610 0 $aFonologia$aCongressi$a1984 676 $a414$v22$zita 702 1$aDressler,$bWolfgang U.$f<1939- > 702 1$aTonelli,$bLivia 710 12$aInternational phonology meeting$d5.$f<1984 :$eEisenstadt> 801 0$aIT$bUNINA$gRICA$2UNIMARC 901 $aBK 912 $a990004042680403321 952 $a414 DRE 1$bBibl.1308$fFLFBC 959 $aFLFBC 997 $aUNINA